Kostenwahrheit im ruhenden Verkehr : Diplomarbeit,Techische Universität Graz 1997

Salvato in:
Dettagli Bibliografici
Autore principale: Bergmann, Ulrich (Autore)
Natura: Manoscritto Libro
Lingua:tedesco
Pubblicazione: Graz : Technische Universität, 1998
Tags: Aggiungi Tag
Nessun Tag, puoi essere il primo ad aggiungerne!!

MARC

LEADER 00000ntm a22000003a 4500
001 stu50796
005 20150617225706.1
008 991110s1998----au------------------ger-d
020 |a 3-7041-9512-X 
040 |a STU  |b slo 
041 0 |a ger 
044 |a au 
080 |a 625.712.63 
100 1 |a Bergmann, Ulrich  |4 aut 
245 1 |a Kostenwahrheit im ruhenden Verkehr :  |b Diplomarbeit,Techische Universität Graz 1997 
260 |a Graz :  |b Technische Universität,  |c 1998 
300 |a 112 s.,obr.,tab.,schémy 
996 |c V*46365/O-20373  |l VV2  |s P  |a 0  |w stu50796_0001